Микрофлюидные системы для химического анализа

Podrobná bibliografie
Další autoři: Золотов Ю. А. (редактор), Курочкин В. Е.
Shrnutí:Книга посвящена одному из наиболее быстро развивающихся и перспективных направлений химического анализа — методам с использованием принципиально новых аналитических приборов на микрофлюидных чипах. Их применение обещает сокращение времени анализа, относительно небольшую его стоимость, компактность приборов, очень малый расход реагентов и др. Эти методы уже находят применение в исследованиях. Эта книга — первая на русском языке по этой тематике. В ней собраны ранее опубликованные статьи российских авторов по микрофлюидным аналитическим методам и приборам. Материал отражает современное состояние в этой области аналитической химии. Рассмотрены особенности протекания аналитических реакций, процессов разделения и концентрирования в микроканалах; освещены процессы генерации аналитического сигнала в низкоразмерных системах; описаны модели тепло- и массопереноса и взаимодействия веществ в микроканалах. Обсуждены технологии создания микрофлюидных чипов, рассмотрены возможности создания устройств для пробоподготовки и практически для всех современных методов разделения и концентрирования. Среди методов анализа уделено внимание хроматографии и капиллярному электрофорезу (включая их варианты, которые можно реализовать только в микропространстве), спектроскопическим и электрохимическим методам анализа в микрофлюидных устройствах. Отдельная глава посвящена анализу биологических и медицинских объектов.
Jazyk:ruština
Vydáno: Москва, Физматлит, 2011
Témata:
Médium: Kniha
KOHA link:https://koha.lib.tpu.ru/cgi-bin/koha/opac-detail.pl?biblionumber=205564

MARC

LEADER 00000nam0a2200000 4500
001 205564
005 20231101225304.0
010 |a 9785922113151 
035 |a (RuTPU)RU\TPU\book\224033 
090 |a 205564 
100 |a 20111212d2011 km y0rusy50 ca 
101 0 |a rus 
102 |a RU 
105 |a a z 001zy 
200 1 |a Микрофлюидные системы для химического анализа  |f под ред. Ю. А. Золотова, В. Е. Курочкина 
210 |a Москва  |c Физматлит  |d 2011 
215 |a 528 с.  |c ил. 
320 |a Библиогр. в конце ст. 
330 |a Книга посвящена одному из наиболее быстро развивающихся и перспективных направлений химического анализа — методам с использованием принципиально новых аналитических приборов на микрофлюидных чипах. Их применение обещает сокращение времени анализа, относительно небольшую его стоимость, компактность приборов, очень малый расход реагентов и др. Эти методы уже находят применение в исследованиях. Эта книга — первая на русском языке по этой тематике. В ней собраны ранее опубликованные статьи российских авторов по микрофлюидным аналитическим методам и приборам. Материал отражает современное состояние в этой области аналитической химии. Рассмотрены особенности протекания аналитических реакций, процессов разделения и концентрирования в микроканалах; освещены процессы генерации аналитического сигнала в низкоразмерных системах; описаны модели тепло- и массопереноса и взаимодействия веществ в микроканалах. Обсуждены технологии создания микрофлюидных чипов, рассмотрены возможности создания устройств для пробоподготовки и практически для всех современных методов разделения и концентрирования. Среди методов анализа уделено внимание хроматографии и капиллярному электрофорезу (включая их варианты, которые можно реализовать только в микропространстве), спектроскопическим и электрохимическим методам анализа в микрофлюидных устройствах. Отдельная глава посвящена анализу биологических и медицинских объектов. 
606 1 |a Микрохимический анализ  |2 stltpush  |3 (RuTPU)RU\TPU\subj\73407  |9 86431 
610 1 |a микрофлюидные устройства 
610 1 |a микрофлюидные чипы 
610 1 |a создание 
610 1 |a математическое моделирование 
610 1 |a разделение 
610 1 |a концентрирование 
610 1 |a хроматография 
610 1 |a электрофорез 
610 1 |a спектроскопия 
610 1 |a биологические объекты 
610 1 |a медицинские объекты 
675 |a 543.063  |v 3 
702 1 |a Золотов  |b Ю. А.  |4 340 
702 1 |a Курочкин  |b В. Е.  |4 340 
801 1 |a RU  |b 63413507  |c 20111212 
801 2 |a RU  |b 63413507  |c 20150520  |g RCR 
942 |c BK 
959 |a 99/20111212  |d 2  |e 660,00  |f ЧЗТЛ:1  |f АНЛ:1